Smallest County in Each US State (Pop) - Statistics

General Stats
  • This quiz has been taken 34 times
    32 since last reset
  • The average score is 18 of 50
Answer Stats
State County Population % Correct
Texas Loving 117
64%
Delaware Kent 179,124
59%
Maryland Kent 19,456
59%
Vermont Essex 6,179
55%
New York Hamilton 4,454
55%
California Alpine 1,159
50%
New Hampshire Coos 31,486
50%
Massachusetts Nantucket 11,212
50%
Rhode Island Bristol 48,645
45%
Idaho Clark 885
45%
Nevada Esmeralda 1,030
45%
Arizona Greenlee 9,465
45%
Colorado San Juan 646
45%
Hawaii Kalawao 436
41%
Michigan Keweenaw 2,102
41%
Montana Petroleum 464
41%
Maine Piscataquis 16,864
41%
Connecticut Windham 116,657
41%
Iowa Adams 3,633
36%
Oklahoma Cimarron 2,159
36%
Utah Daggett 590
36%
Washington Garfield 2,258
36%
Alabama Greene 8,221
36%
Illinois Hardin 3,890
36%
Virginia Highland 2,202
36%
Florida Liberty 8,333
36%
New Jersey Salem 62,754
36%
Alaska Yakutat 597
36%
Pennsylvania Cameron 4,512
32%
Kansas Greeley 1,156
32%
New Mexico Harding 432
32%
Mississippi Issaquena 1,223
32%
Nebraska McPherson 420
32%
Wyoming Niobrara 2,377
32%
Indiana Ohio 5,890
32%
Georgia Taliaferro 1,596
32%
Oregon Wheeler 1,417
32%
Arkansas Calhoun 5,160
27%
South Dakota Jones 873
27%
North Dakota Slope 788
27%
Louisiana Tensas 4,435
27%
South Carolina Allendale 8,789
23%
Wisconsin Florence 4,312
23%
Minnesota Traverse 3,282
23%
Ohio Vinton 13,045
23%
West Virginia Wirt 5,764
23%
Missouri Worth 2,001
23%
Tennessee Pickett 5,068
14%
Kentucky Robertson 2,139
9%
North Carolina Tyyrell 3,978
5%
No matching quizzes found
Score Distribution
Percent of People with Each Score
Percentile by Number Answered
Your Score History
You have not taken this quiz since the last reset